Normal view
MARC view
- ODISHAW, AUGH,CONDON, E.V
Entry Personal Name
001 - CONTROL NUMBER
- control field: 79009
003 - CONTROL NUMBER IDENTIFIER
- control field: NUST
005 - DATE AND TIME OF LATEST TRANSACTION
- control field: 20210628210327.0
008 - FIXED-LENGTH DATA ELEMENTS
- fixed length control field: 210628|| aca||aabn | a|a d
040 ## - CATALOGING SOURCE
- Original cataloging agency: NUST
- Transcribing agency: NUST
100 ## - HEADING--PERSONAL NAME
- Personal name: ODISHAW, AUGH,CONDON, E.V
670 ## - SOURCE DATA FOUND
- Source citation: Work cat.: (NUST): ODISHAW, AUGH,CONDON, E.V, HANDBOOK OF PHYSICS, 1967
